|
|
|
|
| LEADER |
00000nam2a2200000 4500 |
| 001 |
120564 |
| 005 |
20231101215623.0 |
| 035 |
|
|
|a (RuTPU)RU\TPU\book\130552
|
| 035 |
|
|
|a RU\TPU\book\110396
|
| 090 |
|
|
|a 120564
|
| 100 |
|
|
|a 20070831d1977 km y0rusy50 ca
|
| 101 |
0 |
|
|a rus
|
| 102 |
|
|
|a RU
|
| 105 |
|
|
|a a z 001zb
|
| 200 |
0 |
|
|a I. Неизвестные элементы
|
| 210 |
|
|
|d 1977
|
| 215 |
|
|
|a 264 с.
|c ил.
|
| 320 |
|
|
|a Библиогр.: с. 255-260.
|
| 461 |
|
1 |
|0 (RuTPU)RU\TPU\book\141916
|t Прогнозы Д. И. Менделеева в атомистике
|o в 3 книгах
|f Б. М. Кедров
|v I. Неизвестные элементы
|d 1977-1979
|
| 600 |
|
1 |
|a Менделеев
|g Дмитрий Иванович
|b Д. И.
|c учёный-энциклопедист, химик, педагог
|f 1834-1907
|c член-корреспондент Петербургской АН
|2 stltpush
|3 (RuTPU)RU\TPU\pers\1367
|
| 606 |
1 |
|
|a Периодическая система элементов
|2 stltpush
|3 (RuTPU)RU\TPU\subj\72133
|9 85718
|
| 610 |
1 |
|
|a прогнозы
|
| 610 |
1 |
|
|a атомистика
|
| 610 |
1 |
|
|a атомизм
|
| 610 |
1 |
|
|a открытие
|
| 610 |
1 |
|
|a химия
|
| 610 |
1 |
|
|a история
|
| 675 |
|
|
|a 546-123-048.4(09)
|v 3
|
| 801 |
|
1 |
|a RU
|b 63413507
|c 20060923
|g PSBO
|
| 801 |
|
2 |
|a RU
|b 63413507
|c 20180111
|g PSBO
|
| 942 |
|
|
|c BK
|